|
|
|
|
| LEADER |
00000cam a2200000 7i4500 |
| 001 |
0000065776 |
| 005 |
20160822.0 |
| 008 |
160822 |
| 020 |
|
|
|a 9789670874227
|
| 090 |
0 |
0 |
|a HAN
|b MAL
|
| 100 |
0 |
|
|a Hanni Ramsul
|
| 245 |
0 |
0 |
|a Sayang papa saya tak?
|c Hanni Ramsul
|
| 264 |
|
0 |
|a Kuala Lumpur :
|b Penerbitan kaki novel sdn bhd
|c 2016
|
| 300 |
|
|
|a iii,666p. :
|b col.,ill ;
|c 19cm.
|
| 500 |
|
|
|a Novel
|
| 650 |
|
0 |
|a Malay fiction
|
| 999 |
|
|
|a 0001396274
|b Book
|c Adult Collection
|e Perbadanan Perpustakaan Awam Johor
|
| 999 |
|
|
|a 0001396275
|b Book
|c Adult Collection
|e Cawangan Urban Transformation Centre
|
| 999 |
|
|
|a 0001397732
|b Book
|c Adult Collection
|e Cawangan Bukit Gambir
|
| 999 |
|
|
|a 0001397733
|b Book
|c Adult Collection
|e Cawangan Taman Sri Lambak
|
| 999 |
|
|
|a 0001397734
|b Book
|c Adult Collection
|e Cawangan Taman Universiti
|
| 999 |
|
|
|a 0001397736
|b Book
|c Adult Collection
|e Cawangan Sri Merlong
|
| 999 |
|
|
|a 0001397737
|b Book
|c Adult Collection
|e Cawangan Bandar Penawar
|
| 999 |
|
|
|a 0001397738
|b Book
|c Adult Collection
|e Cawangan Mersing
|
| 999 |
|
|
|a 0001397739
|b Book
|c Adult Collection
|e Cawangan Segamat
|
| 999 |
|
|
|a 0001397740
|b Book
|c Adult Collection
|e Cawangan Batu Pahat
|
| 999 |
|
|
|a 0001397741
|b Book
|c Adult Collection
|e Cawangan Tangkak
|
| 999 |
|
|
|a 0001397742
|b Book
|c Adult Collection
|e Cawangan Bandar Tenggara
|